Spell the Marvel Character #316 - Statistics

General Stats
  • This quiz has been taken 9 times
  • The average score is 6 of 7
Answer Stats
Picture Answer % Correct
Black Widow
100%
Elektra
100%
Yondu
100%
Elsa Bloodstone
89%
Eye-Boy
89%
Omega
89%
Yukon Jack
44%
No matching quizzes found
Score Distribution
Percent of People with Each Score
Percentile by Number Answered
Your Score History
You have not taken this quiz